[Event "Toulouse Petit Capitole op"]
[Site "Toulouse"]
[Date "2015.05.31"]
[Round "4"]
[White "Grimault, Stephanie"]
[Black "Page, Christian"]
[Result "1-0"]
[WhiteElo "1320"]
[BlackElo "1399"]
[PlyCount "71"]
[EventDate "2015.05.30"]
[EventType "swiss"]
[EventRounds "6"]
[EventCountry "FRA"]
[SourceTitle "EXT 2016"]
[Source "ChessBase"]
[SourceDate "2015.10.08"]
[SourceVersion "1"]
[SourceVersionDate "2015.10.08"]
[SourceQuality "1"]

1. d4 d6 2. c3 Nc6 3. Bf4 Nf6 4. Nf3 g6 5. Nbd2 Bg7 6. e3 0-0 7. Bd3 Bf5 8. Bxf5 gxf5 9. 0-0 Qd7 10. Qb3 b6 11. Rfe1 e6 12. Rac1 a5 13. h3 Ne4 14. Nxe4 fxe4 15. Nd2 d5 16. c4 Nb4 17. cxd5 exd5 18. Rxc7 Qf5 19. Bg3 Rac8 20. Rf1 Qh5 21. f3 Rxc7 22. Bxc7 Qh6 23. Bf4 Qc6 24. a3 Nd3 25. Bg3 a4 26. Qc3 Qxc3 27. bxc3 b5 28. fxe4 dxe4 29. Nxe4 Kh8 30. Nd6 f6 31. Nxb5 Bh6 32. Bf4 Bxf4 33. exf4 Re8 34. Nd6 Rd8 35. Nf7+ Kg7 36. Nxd8 1-0